| 000 | 00416nam a22001457a 4500 | ||
|---|---|---|---|
| 082 | _aP-434 (B) | ||
| 100 |
_aSGT Mahmood Khan _948133 |
||
| 245 |
_aModern water proofing methods and techniques _cSGT Mahmood Khan, SGT Raja Shoaib |
||
| 260 |
_aRisalpur _bMCE _c2010 |
||
| 300 | _ax, 96 p: | ||
| 526 |
_a0 _b0 _c0 _dP_434_B |
||
| 650 | _aProject | ||
| 700 |
_aAssistant Professor Sardar Khan _948134 |
||
| 942 |
_2ddc _cBK |
||
| 999 |
_c551161 _d551161 |
||